| 000 | 00423nam a2200097Ia 4500 | ||
|---|---|---|---|
| 008 | 180130s9999 xx 000 0 und d | ||
| 245 |
_cZhang, Qinghua; Fu, Qiang _aPerformance evaluation model of project management based on information technology |
||
| 260 | _c2015 | ||
| 300 | _aBook title: Information technology project management--Acession number C20536; pages 15-24 | ||
| 650 | _aPROJECT MANAGEMENT--INFORMATION TECHNOLOGY | ||
| 999 |
_c354396 _d354396 |
||